Στοιχεία στατιστικής ψυχολογίας και παιδαγωγικής
Αποθηκεύτηκε σε:
| Κύριος συγγραφέας: | |
|---|---|
| Άλλοι συγγραφείς: | |
| Μορφή: | Βιβλίο |
| Γλώσσα: | Greek |
| Δημοσίευση: |
Αθήναι :
[χ.ό.],
1960
|
| Θέματα: | |
| Ετικέτες: |
Προσθήκη ετικέτας
Δεν υπάρχουν, Καταχωρήστε ετικέτα πρώτοι!
|
MARC
| LEADER | 00000nam a2200000 i 4500 | ||
|---|---|---|---|
| 001 | 1/72720 | ||
| 008 | 961119s1960 gre d | ||
| 035 | |a 1996 |b 3 |c Δωρεά |l 10031321 | ||
| 040 | |a GR-MY-UA |b gre |e aacr | ||
| 041 | 0 | |a gre | |
| 082 | 0 | |a 370 | |
| 100 | 1 | |a Κυριαζικίδης, Ιωάννης Σ. | |
| 245 | 1 | 0 | |a Στοιχεία στατιστικής ψυχολογίας και παιδαγωγικής / |c Ιωάννου Σ. Κυριαζικίδου ; Γεωργίου Β. Κυριαζοπούλου |
| 260 | |a Αθήναι : |b [χ.ό.], |c 1960 | ||
| 300 | |a 136 σ. | ||
| 650 | 0 | 0 | |a Statistics. |
| 650 | 0 | 0 | |a Psychology. |
| 650 | 0 | 0 | |a Education. |
| 700 | 1 | |a Κυριαζόπουλος, Γεώργιος Β. | |
| 852 | |a INST |b RHODES |e 19961119 |h 370 ΚΥΡ |p 005400006882 |q 005400006882 |t BK |y 0 | ||
| 909 | |a Ρ |b 042993 |c 1996 | ||
| 970 | |z 2000/08/ΔΕΜΕΝΑΓΑΣ ΠΕΤΡΟΣ | ||